I 24 Kentucky Exits Quiz Stats

 Plays Quiz not verified by Sporcle

Challenge
Share
Tweet
Embed
Score 0/17 Timer 03:00
0 Plays Today
Exit No. Exit % Correct
3KY 305 Paducah
84.6%
4US 60 Business Loop 24 Paducah Wickliffe
84.6%
16US 68 Paducah
76.9%
25 A-BPurchase Parkway Fulton US 62 Calvert City
76.9%
40US 62 US 641 Eddyville Kuttawa
76.9%
65US 68 KY 80 Cadiz Hopkinsville
76.9%
7US 62 US 45 Bardwell Mayfield
69.2%
11KY 1954 Husband Rd Paducah
69.2%
27US 62 Kentucky Dam
69.2%
Exit No. Exit % Correct
45KY 293 Princeton
69.2%
56KY 139 Princeton Cadiz
69.2%
42I 69 Western KY Parkway Princeton Elizabethtown
61.5%
86US 41 Hopkinsville Ft Campbell
61.5%
31KY 453 Grand Rivers Smithland
53.8%
73KY 117 Newstead Gracey
53.8%
89KY 115 Pembroke Oak Grove
53.8%
81Pennyrile Parkway Hopkinsville
30.8%

You're not logged in!

Compare scores with friends on all Sporcle quizzes.
OR
Log In

You Might Also Like...

Show Comments

Extras

Created Oct 15, 2017ReportNominate
Tags:exit, kentucky

Top Quizzes Today


Score Distribution

Your Account Isn't Verified!

In order to create a playlist on Sporcle, you need to verify the email address you used during registration. Go to your Sporcle Settings to finish the process.

Report this User

Report this user for behavior that violates our Community Guidelines.

Details: